Najvplyvnejší Číňan

Bibliographic Details
Main Author: Florin, Tino (Author)
Format: Article
Language:Slovak
PhysicalDescription:Fotogr.
ISSN:1336-4650
Subjects:

MARC

LEADER 00000nab a2200000 ar4500
001 vtls008408890
003 SK-MaSNL
005 20260303070114.0
008 051110c2005 xo wr|p|||||||000 b|slo
015 |a SNBRB2005/11  |2 snkbucl 
038 |a SNKBUCL 
040 |a SNKBUCL  |b slo  |c SNKBUCL  |e AACR2 
041 0 |a slo 
044 |a xo  |c SK 
080 |a 796.323.071  |2 1981 
080 |a 929 Ming, Jao  |2 1981 
100 1 |a Florin, Tino  |4 aut  |9 1058198 
245 1 0 |a Najvplyvnejší Číňan  |c Tino Florin 
300 |b Fotogr. 
600 1 7 |a Ming, Jao  |d 1980-  |2 snkbucl  |9 841599 
773 0 |t Live  |g Roč. II., č. 42 (2005), s. 88-89  |x 1336-4650 
852 |a SNK  |b KIS3GCP 
958 |a BC 
958 |a CN 
999 |c 1753981  |d 1755911